| 000 | 00518nam a2200157Ia 4500 | ||
|---|---|---|---|
| 003 | SGT | ||
| 020 | _a9780074515068 | ||
| 082 |
_a658 _bAGA |
||
| 100 | _aAgarwal, R. D. | ||
| 245 | _aOrganization and management | ||
| 260 |
_bTata McGraw Hill Education Private Limited _aNew Delhi _c2010 |
||
| 300 | _a708p. | ||
| 650 | _aMANAGEMENT | ||
| 653 | _aFUNDAMENTAL OF MANAGEMENT, THE CONCEPT,NATURE AND PROCESS OF PLANING, OBJECTIVE OF BUSINESS, DECISION MAKING, DIRECTING AND PROBLEMS IN HUMAN RELATIONS | ||
| 942 |
_2ddc _cBK |
||
| 999 |
_c5306 _d5306 |
||